La gobernalidad en la historia y la condición humana /
Gespeichert in:
| 1. Verfasser: | |
|---|---|
| Format: | Text |
| Schlagworte: | |
| Tags: |
Tag hinzufügen
Keine Tags, Fügen Sie den ersten Tag hinzu!
|
MARC
| LEADER | 00000 a a2200000 04500 | ||
|---|---|---|---|
| 001 | 18213 | ||
| 003 | |||
| 040 | |||
| 100 | |a Tantaleán Arbulú, Javier | ||
| 245 | |a La gobernalidad en la historia y la condición humana / |c Javier Tantaleán Arbulú | ||
| 650 | |a GOBERNABILIDAD | ||
| 650 | |a HISTORIA | ||
| 650 | |a CONDICION DE VIDA | ||
| 650 | |a PODER POLITICO | ||
| 650 | |a POLITICA | ||
| 650 | |a RELACIONES HUMANAS | ||
| 650 | |a SOCIALISMO | ||
| 650 | |a DERECHOS HUMANOS | ||
| 650 | |a TERRORISMO | ||
| 650 | |a GLOBALIZACION | ||
| 773 | |g número 103; páginas 51-73 | ||
| 999 | |c 35937 |d 35937 | ||
